• 首页
  • 本馆介绍
  • 公告通知
  • 最新文献
  • 馆藏检索
  • 电子资源
  • 读者导购
  • 参考咨询
  • 我的图书馆
  • 登录
  • 详细信息显示
  • 放入我的书架
  • 预约/预借图书
  • 作者相关作品
  • 分类相关作品
  • 丛书相关作品
  • 出版社相关作品

书目信息

  • 表格格式
  • 工作单格式
  • 卡片格式
题名:
教育电视节目编导与制作
    
 
作者: 李焕芹 主编
分册:  
出版信息: 北京   电子工业出版社  2021.02
页数: 448页
开本: 26cm
丛书名: 高等院校精品课程系列教材
单 册:
中图分类: G432
科图分类:
主题词: 广播电视教学--guang bo dian shi jiao xue--电视节目制作--高等学校--教材
电子资源:
ISBN: 978-7-121-30477-4
000 01176nam 2200289 450
001 012001001216
005 20140201125406.0
010    @a978-7-121-30477-4@dCNY59.80
099    @aCAL 012018046602
100    @a20220905d2017 em y0chiy50 ea
101 0  @achi
102    @aCN@b110000
105    @aak a 000yy
106    @ar
200 1  @a教育电视节目编导与制作@Ajiao yu dian shi jie mu bian dao yu zhi zuo@f李焕芹主编
210    @a北京@c电子工业出版社@d2021.02
215    @a448页@c图@d26cm
225 2  @a高等院校精品课程系列教材@Agao deng yuan xiao jing pin ke cheng xi lie jiao cai
320    @a有书目 (第447-448页)
330    @a本书主要包括教育电视基础、电视教材概述、电视教材编制的理论基础、电视摄像、电视画面构图、光线与电视照明、电视特技、镜头组接原则、电视录像与电子编辑、电视音响、电视字幕与图文包装、电视非线性编辑等内容。
333    @a本书适合学习教育电视节目制作的学生及编导人员参考使用。
410  0 @12001 @a高等院校精品课程系列教材
606 0  @a广播电视教学@Aguang bo dian shi jiao xue@x电视节目制作@x高等学校@j教材
690    @aG432@v5
701  0 @a李焕芹@Ali huan qin@4主编
801  0 @aCN@bAHXH@c20221111
905    @b1365903-5@dG432@e263@f3
    
    教育电视节目编导与制作/李焕芹主编.-北京:电子工业出版社,2021.02
    448页:图;26cm.-(高等院校精品课程系列教材)
    使用对象:本书适合学习教育电视节目制作的学生及编导人员参考使用。
    
    ISBN 978-7-121-30477-4:CNY59.80
    本书主要包括教育电视基础、电视教材概述、电视教材编制的理论基础、电视摄像、电视画面构图、光线与电视照明、电视特技、镜头组接原则、电视录像与电子编辑、电视音响、电视字幕与图文包装、电视非线性编辑等内容。
●
相关链接 在E读中查询图书 在五车中查询图书 在当当中查询图书 在豆瓣中查询图书


正题名:教育电视节目编导与制作     索取号:G432/263         预约/预借

序号 登录号 条形码 馆藏地/架位号 状态 备注
1 1365903   213659030   第一样本阅览室/ [索取号:G432/263] 在馆    
2 1365904   213659049   第四借阅区/ [索取号:G432/263] 在馆    
3 1365905   213659058   第四借阅区/ [索取号:G432/263] 在馆    
唐山师范学院图书馆 欢迎您!
大连网信软件有限公司© 版权所有